| 000 | 00480cam a2200181 a 4500 | ||
|---|---|---|---|
| 001 | 000002119 | ||
| 005 | 20200929145835.0 | ||
| 008 | 770922s1977 fr 000 0 fre | ||
| 020 | _a2246004497 | ||
| 020 | _a2246004500 | ||
| 040 |
_aDO-SdBNP _bspa _cBNPHU |
||
| 082 |
_axx _bC267a |
||
| 100 | 1 |
_aCardinal, Marie _96800 |
|
| 245 | 1 | 0 |
_aAutrement dit / _cMarie Cardinal. |
| 260 |
_aParis : _bGrasset, _c1977. |
||
| 300 |
_a219 p. ; _c21 cm. |
||
| 700 | 1 |
_aLeclerc, Annie, _d1940- _96801 |
|
| 999 |
_c1975 _d1975 |
||